• 首页
  • 本馆介绍
  • 公告通知
  • 最新文献
  • 馆藏检索
  • 电子资源
  • 读者导购
  • 参考咨询
  • 我的图书馆
  • 登录
  • 详细信息显示
  • 放入我的书架
  • 预约/预借图书
  • 作者相关作品
  • 分类相关作品
  • 丛书相关作品
  • 出版社相关作品

书目信息

  • 表格格式
  • 工作单格式
  • 卡片格式
题名:
统计相关知识
    
 
作者: ;全国统计专业技术资格考试用书编委会 编
分册:  
出版信息: 北京   中国统计出版社  2010
页数: 237页
开本: 26cm
丛书名:
单 册:
中图分类: C8
科图分类:
主题词: 统计学--考核--自学参考资料 , 统计学
电子资源:
ISBN: 978-7-5037-5929-1
000 00887nam0 2200265 450
001 012015000268
005 20150914145358.32
010    @a978-7-5037-5929-1@dCNY28.00
100    @a20101201d2010 em y0chiy50 ea
101 0  @achi
102    @aCN@b110000
105    @ay z 000yy
106    @ar
200 1  @a统计相关知识@Atong ji xiang guan zhi shi@f全国统计专业技术资格考试用书编写委员会编
205    @a2版
210    @a北京@c中国统计出版社@d2010
215    @a237页@d26cm
300    @a全国统计专业技术资格考试用书(中级)
330    @a本书包括两部分:会计基础知识、经济学基础知识,每部分以章为单位展开。
606 0  @a统计学@x考核@j自学参考资料
606 0  @a统计学
690    @aC8@v5
711 02 @a全国统计专业技术资格考试用书编委会@Aquan guo tong ji zhuan ye ji shu zi ge kao shi yong shu bian wei hui@4编
801  0 @aCN@b碧洲教育@c20150716
905    @a10447@f4@dC8@e120=2
    
    统计相关知识/全国统计专业技术资格考试用书编写委员会编.-2版.-北京:中国统计出版社,2010
    237页;26cm
    全国统计专业技术资格考试用书(中级)
    
    ISBN 978-7-5037-5929-1:CNY28.00
    本书包括两部分:会计基础知识、经济学基础知识,每部分以章为单位展开。
●
相关链接 在E读中查询图书 在五车中查询图书 在当当中查询图书 在豆瓣中查询图书


正题名:统计相关知识     索取号:C8/120=2         预约/预借

序号 登录号 条形码 馆藏地/架位号 状态 备注
1 0870010   208700100   第一样本阅览室/ [索取号:C8/120=2] 在馆    
2 0870011   208700119   第一借阅区/ [索取号:C8/120=2] 在馆    
3 0870012   208700128   第一借阅区/ [索取号:C8/120=2] 在馆    
4 0870013   208700137   第一借阅区/ [索取号:C8/120=2] 在馆    
唐山师范学院图书馆 欢迎您!
大连网信软件有限公司© 版权所有